| 000 | 00777nam a22002417a 4500 | ||
|---|---|---|---|
| 005 | 2010080205235.0 | ||
| 010 | _aENG-97915 | ||
| 020 |
_a9788179927861 _c195.00 |
||
| 035 | _aEN-81448 | ||
| 037 | _bDBAD/PUB | ||
| 082 | _a250 | ||
| 100 |
_aOkawa, Ryuho _94974 |
||
| 245 |
_aThe essence of Buddha ; _cby Ryuho Okawa _bthe path to enlightenment / |
||
| 260 |
_aMumbai _c2008 _bJaico Pub. House |
||
| 270 |
_a121 Matma Gandhi Road _bMumbai _e400001 |
||
| 300 |
_a201 p. _c24cm (Pbk) |
||
| 650 |
_aSpiritual life-Buddhism _94975 |
||
| 650 |
_aGauthama Buddha _94976 |
||
| 650 |
_aBuddhism decorism _94977 |
||
| 700 | _94162 | ||
| 942 |
_2ddc _cEN _h250 _mOKA |
||
| 999 |
_c38930 _d38930 |
||